WHO Expert Committee on Biological Standardization : (Record no. 74940)
[ view plain ]
| 000 -LEADER | |
|---|---|
| fixed length control field | 02353nam a2200433 i 4500 |
| 001 - CONTROL NUMBER | |
| control field | ebr10931295 |
| 003 - CONTROL NUMBER IDENTIFIER | |
| control field | CaPaEBR |
| 006 - FIXED-LENGTH DATA ELEMENTS--ADDITIONAL MATERIAL CHARACTERISTICS--GENERAL INFORMATION | |
| fixed length control field | m o d |
| 007 - PHYSICAL DESCRIPTION FIXED FIELD--GENERAL INFORMATION | |
| fixed length control field | cr cn||||||||| |
| 008 - FIXED-LENGTH DATA ELEMENTS--GENERAL INFORMATION | |
| fixed length control field | 140515t20132013sz a ob 100 0 eng|d |
| 020 ## - INTERNATIONAL STANDARD BOOK NUMBER | |
| Cancelled/invalid ISBN | 9789241209786 (paperback) |
| Cancelled/invalid ISBN | 924120978X (paperback) |
| International Standard Book Number | 9789240691964 (e-book) |
| 040 ## - CATALOGING SOURCE | |
| Original cataloging agency | CaPaEBR |
| Language of cataloging | eng |
| Description conventions | rda |
| -- | pn |
| Transcribing agency | CaPaEBR |
| 035 ## - SYSTEM CONTROL NUMBER | |
| System control number | (OCoLC)893682761 |
| 050 14 - LIBRARY OF CONGRESS CALL NUMBER | |
| Classification number | RA8 |
| Item number | .W46 2013eb |
| 245 00 - TITLE STATEMENT | |
| Title | WHO Expert Committee on Biological Standardization : |
| Remainder of title | sixty-first report. |
| 264 #1 - PRODUCTION, PUBLICATION, DISTRIBUTION, MANUFACTURE, AND COPYRIGHT NOTICE | |
| Place of production, publication, distribution, manufacture | Geneva : |
| Name of producer, publisher, distributor, manufacturer | World Health Organization, |
| Date of production, publication, distribution, manufacture, or copyright notice | [2013] |
| Date of production, publication, distribution, manufacture, or copyright notice | �2013 |
| 300 ## - PHYSICAL DESCRIPTION | |
| Extent | 1 online resource (398 pages) : |
| Other physical details | illustrations. |
| 336 ## - CONTENT TYPE | |
| Content type term | text |
| Source | rdacontent |
| 337 ## - MEDIA TYPE | |
| Media type term | computer |
| Source | rdamedia |
| 338 ## - CARRIER TYPE | |
| Carrier type term | online resource |
| Source | rdacarrier |
| 490 1# - SERIES STATEMENT | |
| Series statement | WHO Technical Report Series, |
| International Standard Serial Number | 0512-3054 ; |
| Volume number/sequential designation | 978 |
| 500 ## - GENERAL NOTE | |
| General note | "The WHO Expert Committee on Biological Standardization (ECBS) met in Geneva from 18 to 22 October 2010"--Introduction. |
| General note | "This report contains the collective views of an international group of experts and does not necessarily represent the decisions or the stated policy of the World Health Organization." |
| 504 ## - BIBLIOGRAPHY, ETC. NOTE | |
| Bibliography, etc | Includes bibliographical references. |
| 588 ## - SOURCE OF DESCRIPTION NOTE | |
| Source of description note | Description based on print version record. |
| 590 ## - LOCAL NOTE (RLIN) | |
| Local note | Electronic reproduction. Palo Alto, Calif. : ebrary, 2014. Available via World Wide Web. Access may be limited to ebrary affiliated libraries. |
| 650 #0 - SUBJECT ADDED ENTRY--TOPICAL TERM | |
| Topical term or geographic name as entry element | Biological products |
| General subdivision | Standards |
| Form subdivision | Congresses. |
| Topical term or geographic name as entry element | Drugs |
| General subdivision | Standards |
| Form subdivision | Congresses. |
| 655 #0 - INDEX TERM--GENRE/FORM | |
| Genre/form data or focus term | Electronic books. |
| 710 2# - ADDED ENTRY--CORPORATE NAME | |
| Corporate name or jurisdiction name as entry element | WHO Expert Committee on Biological Standardization. |
| Subordinate unit | Meeting |
| Number of part/section/meeting | (61st : |
| Date of meeting or treaty signing | 2010 : |
| Location of meeting | Geneva, Switzerland), |
| Relator term | issuing body. |
| Corporate name or jurisdiction name as entry element | World Health Organization. |
| Subordinate unit | Expert Committee on Biological Standardization, |
| Relator term | issuing body. |
| 776 08 - ADDITIONAL PHYSICAL FORM ENTRY | |
| Display text | Print version: |
| Title | WHO Expert Committee on Biological Standardization : sixty-first report. |
| Place, publisher, and date of publication | Geneva : World Health Organization, [2013] |
| Physical description | xi, 384 pages ; 24 cm |
| Series data for related item | WHO Technical Report Series ; 978 |
| International Standard Serial Number | 0512-3054 ; |
| International Standard Book Number | 9789241209786 |
| Record control number | (OCoLC)ocn864685611 |
| -- | (DLC)10931295 |
| 797 2# - LOCAL ADDED ENTRY--CORPORATE NAME (RLIN) | |
| Corporate name or jurisdiction name as entry element | ebrary. |
| 830 #0 - SERIES ADDED ENTRY--UNIFORM TITLE | |
| Uniform title | Technical report series (World Health Organization) ; |
| Volume number/sequential designation | 978. |
| 856 40 - ELECTRONIC LOCATION AND ACCESS | |
| Uniform Resource Identifier | <a href="http://site.ebrary.com/lib/rucke/Doc?id=10931295">http://site.ebrary.com/lib/rucke/Doc?id=10931295</a> |
| Public note | An electronic book accessible through the World Wide Web; click to view |
No items available.
